Misión política y táctica de las fuerzas indígenas en nuestra zona de penetración al Norte de Marruecos (Record no. 112267)
[ view plain ]
| 000 -LEADER | |
|---|---|
| campo de control de longitud fija | 01124nam a2200241 4500 |
| 001 - NÚMERO DE CONTROL | |
| campo de control | 112267 |
| 003 - IDENTIFICADOR DE NÚMERO DE CONTROL | |
| campo de control | ES-MaACL |
| 005 - FECHA Y HORA DE LA ÚLTIMA TRANSACCIÓN | |
| campo de control | 20250401124255.0 |
| 007 - CAMPO FIJO DE DESCRIPCIÓN FÍSICA--INFORMACIÓN GENERAL | |
| campo de control de longitud fija | t| |
| 008 - DATOS DE LONGITUD FIJA--INFORMACIÓN GENERAL | |
| campo de control de longitud fija | 061121s1921 sp r ||||1| spa d |
| 080 ## - NÚMERO DE LA CLASIFICACIÓN DECIMAL UNIVERSAL | |
| Número de la Clasificación Decimal Universal | 94(64)"1912/56" |
| 100 1# - ENTRADA PRINCIPAL--NOMBRE DE PERSONA | |
| Nombre de persona | Nido y Torres, Manuel del. |
| 9 (RLIN) | 85617 |
| 245 10 - MENCIÓN DEL TÍTULO | |
| Título | Misión política y táctica de las fuerzas indígenas en nuestra zona de penetración al Norte de Marruecos |
| Resto del título | : cooperación y articulación táctica de las tropas europeas con las antedichas, en un Ejército colonial probable / |
| Mención de responsabilidad, etc. | Manuel del Nido y Torres. |
| 260 ## - PUBLICACIÓN, DISTRIBUCIÓN, ETC. | |
| Lugar de publicación, distribución, etc. | Ceuta : |
| Nombre del editor, distribuidor, etc. | [s. n.], |
| Fecha de publicación, distribución, etc. | 1921 ( |
| Fabricante | Imp. del Regimiento del Serrallo) |
| 300 ## - DESCRIPCIÓN FÍSICA | |
| Extensión | 158 p. ; |
| Dimensiones | 22 cm. |
| 530 ## - NOTA DISPONIBLE DE FORMULARIO FÍSICO ADICIONAL | |
| Nota de formato físico adicional disponible | Disponible también en sitio web. |
| 651 #4 - PUNTO DE ACCESO ADICIONAL DE MATERIA--NOMBRE GEOGRÁFICO | |
| Nombre geográfico | Marruecos- |
| Subdivisión general | Historia- |
| Subdivisión cronológica | 1912-1956, Protectorado español. |
| 9 (RLIN) | 9029 |
| 852 ## - LOCALIZACIÓN | |
| Ubicación | ES-MaACL |
| Número de control de estantería | 1653-F-11 |
| itemnumber | 116511 |
| Ubicación en estantería | Depósito folletos |
| 852 ## - LOCALIZACIÓN | |
| Ubicación | ES-MaACL |
| Número de control de estantería | 1625-F-23 |
| itemnumber | 116511 |
| Ubicación en estantería | Depósito folletos |
| Nota libre | Revisado enlace: 01 de Abril de 2025 |
| 856 ## - LOCALIZACIÓN Y ACCESO ELECTRÓNICOS | |
| Identificador Uniforme de Recursos | <a href="http://bibliotecadigitalhispanica.bne.es:80/webclient/DeliveryManager?pid=1933300&custom_att_2=simple_viewer">http://bibliotecadigitalhispanica.bne.es:80/webclient/DeliveryManager?pid=1933300&custom_att_2=simple_viewer</a> |
| Texto de enlace | Ir a la página |
| 942 ## - ELEMENTOS DE ENTRADA SECUNDARIOS (KOHA) | |
| Fuente del sistema de clasificación o colocación | Clasificación decimal universal |
| Estatus retirado | Estado de pérdida | Estado de daño | No para préstamo | Colección | Biblioteca de origen | Biblioteca actual | Ubicación en estantería | Fecha de adquisición | Fuente de adquisición | Total de préstamos | Signatura topográfica completa | Código de barras | Visto por última vez | Precio de reemplazo | Tipo de ítem Koha |
|---|---|---|---|---|---|---|---|---|---|---|---|---|---|---|---|
| Colección de folletos | Biblioteca del Ateneo de Madrid | Biblioteca del Ateneo de Madrid | Depósito folletos | 17/01/2008 | 1625-F-23 | 1117110 | 23/02/2023 | 23/02/2023 | Folleto | ||||||
| Colección de folletos | Biblioteca del Ateneo de Madrid | Biblioteca del Ateneo de Madrid | Depósito folletos | 17/01/2008 | 1653-F-11 | 1117109 | 23/02/2023 | 23/02/2023 | Folleto |
